00839nam a2200217 i 450000100060000000300090000600500170001500700030003200800410003502000180007608000240009408000240011811100990014224500740024126000980031530000260041350400200043965000600045971000690051985200330058810108ES-MaACL20250830011646.0t|950213s1988 sp ||||1| spa d a84-85646-32-0 a657.6:621-52(061.3) a621-52(061.3):657.62 aCongreso Iberoamericano de Informática y Auditoría (n1º. d1987.cSan Juan, Puerto Rico)10aI Congreso Iberoamericano de Informática y Auditoría b: [actas]. aMadrid : bCREI, Centro Regional del IBI para la Enseñanza de la Informática,cD.L. 1988. aIV, 513 p. ; c25 cm. aBibliografía.14aAuditoría-xProceso de datos-vCongresos y asambleas.2 aCentro Regional para la Enseñanza de la Informática (Madrid) aES-MaACLjL-17602 bR.121247